000 00871nam a2200217 a 4500
001 000047368
005 20201002060512.0
008 180509s1995 dr 000 0 spa d
082 _a372.61
_bC758l, 1995
100 1 _aConstanzo Martínez, Ynés
_937690
245 1 0 _aLengua española II /
_cYnés Constanzo Martínez, José Antonio Royouela.
250 _a11a. ed.
260 _aSanto Domingo :
_bSecretaría de Estado de Educación, Bellas Artes y Cultos ;
_bEdirex,
_c1995.
300 _a312 p. :
_bil. ;
_c27 cm.
500 _aLibro aprobado como texte básico, para el nivel medio, por la Secretaría de Estado de Educación, Bellas Artes y Cultos
505 _aTema I :
_tLa comunicación. Los géneros literatios --
590 _aInventariado, 2018/VM
650 4 _aEspañol
_xEnseñanza
_9406
700 1 _aRoyouela, José Antonio
_975020
999 _c46856
_d46856
040 _aDO-SdBNP